00335nam a2200133 a 450000100080000000500110000800800410001910000340006024500180009426000290011230000100014149000330015165300170018410819842011-11-17 2011 bl uuuu 00u1 u #d1 aAYROSA, L. M. da S. (Coord.). aPiscicultura. aCampinas, SP: Catic2011 a245p. a(Cati. Manual T??cnico, 79). aPiscicultura